| 000 -LEADER |
| fixed length control field |
00721nam a2200253Ia 4500 |
| 007 - PHYSICAL DESCRIPTION FIXED FIELD--GENERAL INFORMATION |
| fixed length control field |
ta |
| 008 - FIXED-LENGTH DATA ELEMENTS--GENERAL INFORMATION |
| fixed length control field |
190805t1995 si ad||g||||||||1 ||und|| |
| 020 ## - INTERNATIONAL STANDARD BOOK NUMBER |
| International Standard Book Number |
9789810221393 |
| Terms of availability |
$ 75.00 |
| 040 ## - CATALOGING SOURCE |
| Original cataloging agency |
IMU Kochi Library |
| Language of cataloging |
eng |
| 041 0# - LANGUAGE CODE |
| Language code of text/sound track or separate title |
eng |
| 044 ## - COUNTRY OF PUBLISHING/PRODUCING ENTITY CODE |
| MARC country code |
Singapore |
| 082 04 - DEWEY DECIMAL CLASSIFICATION NUMBER |
| Classification number |
623.84 |
| Item number |
N86 |
| Edition number |
23 |
| 245 10 - TITLE STATEMENT |
| Title |
Computational Geometry for Ships / |
| 260 ## - PUBLICATION, DISTRIBUTION, ETC. (IMPRINT) |
| Place of publication, distribution, etc |
Singapore : |
| Name of publisher, distributor, etc |
World Scientific, |
| Date of publication, distribution, etc |
1995. |
| 300 ## - PHYSICAL DESCRIPTION |
| Extent |
xii, 238 p. : |
| Other physical details |
ill., charts ; |
| Dimensions |
23 cm. |
| 504 ## - BIBLIOGRAPHY, ETC. NOTE |
| Bibliography, etc |
Includes Index. |
| 650 #0 - SUBJECT ADDED ENTRY--TOPICAL TERM |
| Topical term or geographic name as entry element |
Naval architecture |
| General subdivision |
Data processing |
| 700 1# - ADDED ENTRY--PERSONAL NAME |
| Personal name |
Bloor, M. I. G. |
| Relator term |
Editor |
| 700 1# - ADDED ENTRY--PERSONAL NAME |
| Personal name |
Nowacki, H |
| Relator term |
Editor |
| 700 1# - ADDED ENTRY--PERSONAL NAME |
| Personal name |
Oleksiewicz, B |
| Relator term |
Editor |
| 852 ## - LOCATION/CALL NUMBER |
| Location |
IMU Kochi Library |
| 904 ## - LOCAL DATA ELEMENT D, LDD (RLIN) |
| CATALOGER |
Akhil Bose |
| 942 ## - ADDED ENTRY ELEMENTS (KOHA) |
| Item type |
Books |